• 首页
  • 本馆介绍
  • 公告通知
  • 最新文献
  • 馆藏检索
  • 电子资源
  • 读者导购
  • 参考咨询
  • 我的图书馆
  • 登录
  • 详细信息显示
  • 放入我的书架
  • 预约/预借图书
  • 作者相关作品
  • 分类相关作品
  • 丛书相关作品
  • 出版社相关作品

书目信息

  • 表格格式
  • 工作单格式
  • 卡片格式
题名:
月事
    
 
作者: 付虹 著
分册:  
出版信息: 天津   天津科学技术出版社  2021
页数: 276页
开本: 20cm
丛书名:
单 册:
中图分类: R711.51
科图分类:
主题词: 月经--yue jing--保健--基本知识
电子资源:
ISBN: 978-7-5576-8740-3
000 00941nam0 2200253 450
001 2131447599
005 20211113084413.00
010    @a978-7-5576-8740-3@b精装@dCNY59.80
100    @a20210118d2021 em y0chiy50 ea
101 0  @achi
102    @aCN@b120000
105    @aa z 000yy
200 1  @a月事@Ayue shi@e把每月必经的痛变成生命的小欢喜@f付虹著
210    @a天津@c天津科学技术出版社@d2021
215    @a276页@c彩图@d20cm
312    @a英文并列题名取自封面
330    @a本书作者以“线上问诊”的形式,高度还原看病过程,囊括来自网友和病人的真实困惑,并提出解决方案,内容涉及月经、妇科疾病、怀孕、生产、女性生理等方面。
510 1  @aMenstrual cycle@zeng
517 1  @a把每月必经的痛变成生命的小欢喜@Aba mei yue bi jing de tong bian cheng sheng ming de xiao huan xi
606 0  @a月经@Ayue jing@x保健@x基本知识
690    @aR711.51@v5
701  0 @a付虹@Afu hong@c(女)@4著
801  0 @aCN@bBP@c20210118
905    @aZUCC@dR711.51@e16
    
    月事:把每月必经的痛变成生命的小欢喜/付虹著.-天津:天津科学技术出版社,2021
    276页:彩图;20cm
    
    
    ISBN 978-7-5576-8740-3(精装):CNY59.80
    本书作者以“线上问诊”的形式,高度还原看病过程,囊括来自网友和病人的真实困惑,并提出解决方案,内容涉及月经、妇科疾病、怀孕、生产、女性生理等方面。
●
相关链接 在五车中查询图书 在当当中查询图书 在豆瓣中查询图书


正题名:月事     索取号:R711.51/16         预约/预借

序号 登录号 条形码 馆藏地/架位号 状态 备注
1 2000882017   2000882017   第三书库/ [索取号:R711.51/16] 在馆    
2 2000882018   2000882018   第三书库/ [索取号:R711.51/16] 在馆    
3 2000882019   2000882019   第三书库/ [索取号:R711.51/16] 在馆    
山东省滨州职业学院图书馆 欢迎您!
大连网信软件有限公司© 版权所有